00367pab a2200121 454500008003600000100002100036245005800057650001800115650001100133650002500144700002300169773005300192180718b xxu||||| |||| 00| 0 eng d aHiroyuki, Yamada aA study of the urbanization process in port-war Japan a Urbanization a Japan aUrbanization - Japan aKazuyu Ki, Tokuoka aReview of Urban and Regional Development Studies